Statistics for Progressive General Knowledge Test #3

Click here to take the quiz!

General Stats

  • This quiz has been taken 505 times
  • The average score is 11 of 20

Answer Stats

QuestionAnswer% Correct
What is the capital of England?London
100%
Who was the first president of the United States?George Washington
99%
Which bird is most often used as a symbol of peace?Dove
95%
How many years are in a millennium?1000
93%
Who painted the ceiling of the Sistine Chapel?Michelangelo
88%
What number is represented in Morse Code by five dots?Five
85%
What country is nestled between France and Spain?Andorra
83%
The novel Gone With The Wind is set at the time of which war?American Civil War
80%
The character Ophelia appears in which Shakespearean play?Hamlet
69%
What type of creature is a pilchard?Fish
49%
Mayonnaise consists of oil, vinegar, and what other main ingredient?Egg yolk
47%
What name is given to a male duck?Drake
45%
In which year did Washington's Mount St Helens erupt spectacularly?1980
35%
On what part of the body would you wear a fez?Head
35%
What sport takes place at Hong Kong's Happy Valley?Horseracing
26%
In computer terms, what is RAM?Random Access Memory
23%
What name is given to the art of making fireworks?Pyrotechnics
17%
According to classical mythology, what creature lived inside the Labyrinth?The Minotaur
15%
The Brownlow Medal is awarded in which sport competition?Australian Football League
7%
Name Papua New Guinea's largest lake.Lake Murray
5%

Score Distribution

Percentile by Number Answered

Percent of People with Each Score

Your Score History

You have not taken this quiz